|
|
|
|
| LEADER |
00644nam a2200193 i 4500 |
| 001 |
misc55780 |
| 005 |
20241009112559.0 |
| 008 |
200508s1930 hu o 000 fre d |
| 040 |
|
|
|a SZTE Miscellanea Repozitórium
|b hun
|
| 041 |
|
|
|a fre
|
| 100 |
1 |
|
|a Atabinen Reşit Saffet
|
| 245 |
1 |
4 |
|a Les Türk-Odjaghis
|h [elektronikus dokumentum] /
|c Atabinen Reşit Saffet
|
| 260 |
|
|
|a Zellitch Frères
|b Ankara
|c 1930
|
| 300 |
|
|
|a 31
|c 19 cm
|
| 561 |
|
|
|a Németh Gyula hagyaték
|
| 650 |
|
4 |
|a Társadalomtudományok
|
| 650 |
|
4 |
|a Szociológia
|
| 695 |
|
|
|a Néprajz - török népek
|
| 856 |
4 |
0 |
|u http://misc.bibl.u-szeged.hu/55780/1/141_noa_a93.pdf
|z Dokumentum-elérés
|